Refranero criollo : dichos y sentencias del habla popular. /
Guardado en:
| Autor Principal: | |
|---|---|
| Formato: | Libro |
| Idioma: | Undetermined |
| Publicado: |
Buenos Aires :
Selene,
1986.
|
| Materias: | |
| Etiquetas: |
Agregar Etiqueta
Sin Etiquetas, Sea el primero en etiquetar este registro!
|
| LEADER | 00463nam a22001335a 4500 | ||
|---|---|---|---|
| 001 | CEM.cems024344 | ||
| 008 | 241009s1986####ag############000#0#und#d | ||
| 005 | 20241009151715.0 | ||
| 245 | 1 | 0 | |a Refranero criollo : |b dichos y sentencias del habla popular. / |c Recopilados por Casiano Suarez. |
| 260 | |a Buenos Aires : |b Selene, |c 1986. | ||
| 300 | |a 96 p. | ||
| 100 | 1 | |a Suarez, Casiano; comp. | |
| 653 | |a Refranes | ||
| 859 | |a CEMS |b BIB. CEMS - Inicial y Primaria |h 398.82 |i Su123 |k IP |p 3223 |t Ej.1 | ||
